<?xml version="1.0" encoding="UTF-8"?>
<record
    xmlns:xsi="http://www.w3.org/2001/XMLSchema-instance"
    xsi:schemaLocation="http://www.loc.gov/MARC21/slim http://www.loc.gov/standards/marcxml/schema/MARC21slim.xsd"
    xmlns="http://www.loc.gov/MARC21/slim">

  <leader>01277nam a2200169   4500</leader>
  <controlfield tag="008">701.18 C386c</controlfield>
  <datafield tag="020" ind1=" " ind2=" ">
    <subfield code="a">9789968899376</subfield>
  </datafield>
  <datafield tag="082" ind1=" " ind2=" ">
    <subfield code="a">701.18</subfield>
    <subfield code="b">C386c</subfield>
  </datafield>
  <datafield tag="100" ind1=" " ind2=" ">
    <subfield code="a">Cazali, Rosina</subfield>
    <subfield code="9">1164</subfield>
  </datafield>
  <datafield tag="245" ind1=" " ind2=" ">
    <subfield code="a">Certezas Vulnerables: </subfield>
    <subfield code="b">cr&#xF3;nicas de los debates art&#xED;sticos desde Guatemala</subfield>
  </datafield>
  <datafield tag="260" ind1=" " ind2=" ">
    <subfield code="a">San Jos&#xE9;, Costa Rica</subfield>
    <subfield code="b">TEOR/&#xE9;Tica</subfield>
    <subfield code="c">2017</subfield>
  </datafield>
  <datafield tag="300" ind1=" " ind2=" ">
    <subfield code="a">228 p.</subfield>
    <subfield code="b">il. (col)</subfield>
    <subfield code="c">22 x 16.5 cm</subfield>
  </datafield>
  <datafield tag="440" ind1=" " ind2=" ">
    <subfield code="a">Escrituras locales. Posiciones cr&#xED;ticas desde Am&#xE9;rica Central, el Caribe y sus di&#xE1;sporas 3</subfield>
    <subfield code="9">7121</subfield>
  </datafield>
  <datafield tag="505" ind1=" " ind2=" ">
    <subfield code="t">Presentaci&#xF3;n</subfield>
    <subfield code="t">Arte, guerra y posguerra</subfield>
    <subfield code="t">Hab&#xED;a una vez Centroam&#xE9;rica (1996/1997)</subfield>
    <subfield code="t">El arte de los noventas en Guatemala: saliendo de la olla de cangrejos (2000/2001)</subfield>
    <subfield code="t">Panam&#xE1; sin distancias o el dibujo de una cartograf&#xED;a sentimental (2006)</subfield>
    <subfield code="t">Margarita Rita Rica Dinamita (2009)</subfield>
    <subfield code="t">No somos eso, ni lo otro, ni lo opuesto. Entrecruces entre literatura y performance en la d&#xE9;cada de los noventa (2012)</subfield>
    <subfield code="t">Ser contempor&#xE1;neo. Desde aqu&#xED; (2014)</subfield>
    <subfield code="t">Chao, met&#xE1;fora: performance y violencia en Guatemala (2015)</subfield>
    <subfield code="t">La vigencia del ser pol&#xED;tico en el arte (2015)</subfield>
    <subfield code="t">Contra la ilusi&#xF3;n de un pasado conciliatorio. Conversaci&#xF3;n con Rosina Cazali.</subfield>
  </datafield>
  <datafield tag="600" ind1=" " ind2=" ">
    <subfield code="x">arte contempor&#xE1;neo</subfield>
    <subfield code="x">arte - centroam&#xE9;rica</subfield>
    <subfield code="x">arte - cr&#xED;tica e interpretaci&#xF3;n</subfield>
    <subfield code="9">6567</subfield>
  </datafield>
  <datafield tag="700" ind1=" " ind2=" ">
    <subfield code="a">L&#xF3;pez, Miguel A.</subfield>
    <subfield code="9">6568</subfield>
  </datafield>
  <datafield tag="999" ind1=" " ind2=" ">
    <subfield code="c">1570</subfield>
    <subfield code="d">1570</subfield>
  </datafield>
  <datafield tag="952" ind1=" " ind2=" ">
    <subfield code="0">0</subfield>
    <subfield code="1">0</subfield>
    <subfield code="2">ddc</subfield>
    <subfield code="4">0</subfield>
    <subfield code="7">0</subfield>
    <subfield code="a">LV</subfield>
    <subfield code="b">LV</subfield>
    <subfield code="c">Colecci&#xF3;n Teor&#xE9;tica</subfield>
    <subfield code="d">2018-08-04</subfield>
    <subfield code="l">0</subfield>
    <subfield code="o">701.18 C386c</subfield>
    <subfield code="p">004635</subfield>
    <subfield code="r">2018-08-04 00:00:00</subfield>
    <subfield code="w">2018-08-04</subfield>
    <subfield code="y">01</subfield>
  </datafield>
  <datafield tag="952" ind1=" " ind2=" ">
    <subfield code="0">0</subfield>
    <subfield code="1">0</subfield>
    <subfield code="2">ddc</subfield>
    <subfield code="4">0</subfield>
    <subfield code="7">0</subfield>
    <subfield code="a">LV</subfield>
    <subfield code="b">LV</subfield>
    <subfield code="c">Colecci&#xF3;n Teor&#xE9;tica</subfield>
    <subfield code="d">2018-09-20</subfield>
    <subfield code="l">0</subfield>
    <subfield code="o">701.18 C386c</subfield>
    <subfield code="p">002276</subfield>
    <subfield code="r">2018-09-20 00:00:00</subfield>
    <subfield code="w">2018-09-20</subfield>
    <subfield code="y">01</subfield>
  </datafield>
</record>
